000 00409nam a2200145Ia 4500
008 100204s9999 xx 000 0 und d
082 _b22773
100 _aनंदा गुलशन
245 _aडरपोक
260 _b"अशोक पॉकेट बुक्स, दिल्ली"
_c14
300 _a174
630 _aडरपोक
730 _aडरपोक
942 _cBOOK
999 _c467874
_d467871